THE All England Law Reports Reprint: Revised and Annotated; 1914 - 1915 (Record no. 619173)

MARC details
000 -LEADER
fixed length control field 00516nam a2200169 a 4500
008 - FIXED-LENGTH DATA ELEMENTS--GENERAL INFORMATION
fixed length control field 260408s2026##################000#0#eng##
020 ## - INTERNATIONAL STANDARD BOOK NUMBER
ISBN 9780406002778
Paper back/Hardbound hbk
082 04 - DEWEY DECIMAL CLASSIFICATION NUMBER
Classification number 348.42ALL(R)
100 ## - MAIN ENTRY--AUTHOR NAME
Personal name Bridgman,G. F. L.
245 10 - TITLE STATEMENT
Title THE All England Law Reports Reprint: Revised and Annotated; 1914 - 1915
Statement of responsibility, etc /G. F. L. Bridgman
250 ## - EDITION STATEMENT
Edition statement 1st ed.
260 ## - PUBLICATION, DISTRIBUTION, ETC. (IMPRINT)
Place of publication London:
Name of publisher Butterworth,
Year of publication 1991.
300 ## - PHYSICAL DESCRIPTION
Number of Pages xvi,992p.
Dimensions ;23cm.
650 ## - SUBJECT ADDED ENTRY--TOPICAL TERM
Topical Term Laws, regulations & cases
942 ## - ADDED ENTRY ELEMENTS (KOHA)
Koha item type English Books
Holdings
Withdrawn status Lost status Damaged status Not for loan Home library Current library Date acquired Full call number Accession Number Price effective from Koha item type
        Anna Centenary Library Anna Centenary Library 08.04.2026 348.4204HUT-4 400789 08.04.2026 English Books

Find us on the map